<?xml version="1.0" encoding="UTF-8"?>
<marc:record xmlns:marc="http://www.loc.gov/MARC21/slim">
   <marc:leader>00000nam a2200000 a 4500</marc:leader>
   <marc:datafield ind1="1" ind2=" " tag="100">
      <marc:subfield code="a">Andeck, Mara</marc:subfield>
      <marc:subfield code="4">aut</marc:subfield>
      <marc:subfield code="e">Verfasser/-in</marc:subfield>
   </marc:datafield>
   <marc:datafield ind1="0" ind2="0" tag="245">
      <marc:subfield code="a">Wenn das Leben dich nervt, streu Glitzer drauf</marc:subfield>
   </marc:datafield>
   <marc:datafield ind1="0" ind2="0" tag="245">
      <marc:subfield code="b">; Sto: R11Ju Liebe / Freundschaft</marc:subfield>
   </marc:datafield>
   <marc:datafield ind1=" " ind2="1" tag="264">
      <marc:subfield code="b">Boje-Verl.</marc:subfield>
      <marc:subfield code="c">2015</marc:subfield>
   </marc:datafield>
   <marc:datafield ind1="1" ind2=" " tag="520">
      <marc:subfield code="a">Wie heißt Liebe auf Finnisch?  Tess ist genervt: Gerade hat sie noch von den perfekten Sommerferien mit Sonne, Stränden und Jungs geträumt, da machen ihre Eltern ihr einen Strich durch die Rechnung: Sie wollen umziehen - und ab sofort mit Opa, Cousin, Onkel und Tante sowie deren vier Nervensägen einen auf Großfamilie machen. Da ist Chaos vorprogrammiert. Tess ist schon dabei, sich auf unschlagbar öde Ferien einzustellen, da bahnt sich plötzlich eine süße Überraschung aus dem Norden an. Vielleicht steht Tess ja doch noch ein glitzernder Sommer bevor ...  Leicht, witzig und zum Mitschmachten schön: Mara Andecks Jugendbuch "Wenn das Leben dich nervt, streu Glitzer drauf"</marc:subfield>
   </marc:datafield>
   <marc:datafield ind1="3" ind2=" " tag="024">
      <marc:subfield code="a">9783414824325</marc:subfield>
   </marc:datafield>
</marc:record>
